00836nam a2200265 u 450000100070000000500170000700800410002403500110006504000130007604100080008908200080009710000280010524501080013326000430024130000170028465000210030165000260032265000190034865000270036765000320039465000300042665000500045665000320050670000320053868338420260506091433.0010821s1999 ||||||m| eng  a683384 ccomduadb aeng 4a42810aNieto, Piedad4auteaut10aEvaluation of the teaching project, promoting reading comprehension in the EFL classroom : practicum II aMedellín :b[sin publicador],c1999. a45 páginas aTeaching project aProyecto pedagógico aReading skills aHabilidades de lectura 7aInglésxEnseñanza2lemb aEnglish language learning 0aEnseñanza y aprendizaje del idioma inglés 7aInglésxEnseñanza2lemb10aArias, Clara Ines4thseths